00747nam a2200193 a 450000500170000000800410001702000180005805000220007610000190009824501300011725000160024726000400026330000160030344000250031950000200034465000520036499900190041695201180043520140412111420.0080103s19uu xx 00 eng d a0-439-41659-0 aM 629.1bB45 2006 aBerger, Melvin aCan you fly high, Wright brothers? :ba book about airplanes /cMelvin Berger, Gilda Berger; illustrations by Brandon Dorman. a1st edition aNew York :bScholastic Inc,cc2006. a48p. : ill. aScience super giants aIncludes index. aWright, Orville, 1871-1948xJuvenile literature c106009d106009 00104050aELbELcMd2008-01-03eGiftg135.00l0oM 629.1 B45 2006pE11107r2014-04-12 00:00:00w2014-04-12yBK